| 000 -LEADER |
| fixed length control field |
00620nam a2200157Ia 4500 |
| 003 - CONTROL NUMBER IDENTIFIER |
| control field |
OSt |
| 005 - DATE AND TIME OF LATEST TRANSACTION |
| control field |
20260314162058.0 |
| 008 - FIXED-LENGTH DATA ELEMENTS--GENERAL INFORMATION |
| fixed length control field |
260210s9999 xx 000 0 und d |
| 020 ## - INTERNATIONAL STANDARD BOOK NUMBER |
| International Standard Book Number |
9780727765826 |
| 082 ## - DEWEY DECIMAL CLASSIFICATION NUMBER |
| Classification number |
690.22 CAR |
| 100 ## - MAIN ENTRY--PERSONAL NAME |
| Personal name |
John Carpenter |
| 245 #0 - TITLE STATEMENT |
| Title |
Designing a Safer Built Environment: A Complete Guide to the Management of Design Risk |
| 260 ## - PUBLICATION, DISTRIBUTION, ETC. (IMPRINT) |
| Name of publisher, distributor, etc |
Emerald Publishing |
| 500 ## - GENERAL NOTE |
| General note |
The book focuses on design risk management, construction safety, and regulatory responsibilities in building projects, which places it under construction safety and management in building engineering. |
| 942 ## - ADDED ENTRY ELEMENTS (KOHA) |
| Item type |
R&D Books |
| Source of classification or shelving scheme |
|